header

What is the Statue of Liberty? (Record no. 263864)

MARC details
000 -LEADER
fixed length control field 00574nam a22001817a 4500
003 - CONTROL NUMBER IDENTIFIER
control field OSt
005 - DATE AND TIME OF LATEST TRANSACTION
control field 20240613170452.0
008 - FIXED-LENGTH DATA ELEMENTS--GENERAL INFORMATION
fixed length control field 240613b xxu||||| |||| 00| 0 eng d
020 ## - INTERNATIONAL STANDARD BOOK NUMBER
International Standard Book Number 9780448479170
040 ## - CATALOGING SOURCE
Transcribing agency DLC
050 ## - LIBRARY OF CONGRESS CALL NUMBER
Classification number F128.64.L6
Item number H65 2014
100 ## - MAIN ENTRY--PERSONAL NAME
Personal name Holub, Joan
Dates associated with a name 2014-
245 ## - TITLE STATEMENT
Title What is the Statue of Liberty?
Statement of responsibility, etc by Joan Holub ; illustrated by John Hinderliter.
250 ## - EDITION STATEMENT
Edition statement first edition
260 ## - PUBLICATION, DISTRIBUTION, ETC. (IMPRINT)
Place of publication, distribution, etc New York :
Name of publisher, distributor, etc Grosset & Dunlap, an imprint of Penguin Group (USA) LLC,
Date of publication, distribution, etc [2014]
300 ## - PHYSICAL DESCRIPTION
Extent 107 p
Other physical details illustrations
Dimensions 20 cm
942 ## - ADDED ENTRY ELEMENTS (KOHA)
Source of classification or shelving scheme Library of Congress Classification
Koha item type Long Loan Books
Holdings
Withdrawn status Lost status Source of classification or shelving scheme Damaged status Not for loan Collection code Home library Current library Shelving location Date acquired Total Checkouts Full call number Barcode Date last seen Date checked out Price effective from Koha item type
    Library of Congress Classification     Fiction Rongo University Library Rongo University Library Children's Area 13/06/2024 1 F128.64.L6 H65 2014 CL20243442 21/04/2026 30/03/2026 13/06/2024 Long Loan Books

© 2026 Rongo University
Contact us: librarian | system librarian | Rongo university